[Event "EU-chT Seniors 04th"]
[Site "Dresden"]
[Date "2002.03.01"]
[Round "6.1"]
[White "Kahn, Manfred"]
[Black "Hecht, Hans Joachim"]
[Result "1/2-1/2"]
[WhiteElo "2171"]
[BlackElo "2411"]
[EventDate "2002.02.25"]
[PlyCount "48"]

1.c4 Nf6 2.Nc3 e6 3.Nf3 c5 4.e3 d5 5.d4 Nc6 6.a3 cxd4 7.exd4 Be7 8.c5 Ne4 
9.Bb5 Bd7 10.O-O O-O 11.Qc2 Nxc3 12.Qxc3 b6 13.b4 bxc5 14.bxc5 Qc7 15.g3 
e5 16.Bxc6 exd4 17.Nxd4 Bxc6 18.Bf4 Qd7 19.Nxc6 Qxc6 20.Rac1 Rac8 21.Be3 
Bf6 22.Bd4 Bxd4 23.Qxd4 Rfe8 24.Rfe1 h6 1/2-1/2

[Event "EU-chT Seniors 04th"]
[Site "Dresden"]
[Date "2002.03.01"]
[Round "6.1"]
[White "Littlewood, John Eric"]
[Black "Biebinger, Gerhard"]
[Result "1-0"]
[WhiteElo "2305"]
[BlackElo "2383"]
[EventDate "2002.02.25"]
[PlyCount "85"]

1.e4 e6 2.d3 b6 3.g3 Bb7 4.Bg2 c5 5.Nf3 d6 6.O-O Nf6 7.a3 Be7 8.b4 Nc6 9.
c3 O-O 10.Nbd2 Rc8 11.Qe2 Ba6 12.Rb1 Ne5 13.Nxe5 dxe5 14.b5 Bb7 15.Nc4 Nd7
16.f4 exf4 17.Bxf4 Nf6 18.a4 Ne8 19.a5 bxa5 20.b6 axb6 21.Rxb6 Ba8 22.Ra1 
g5 23.Bd2 Nd6 24.Bxg5 Nxc4 25.Bxe7 Qxe7 26.dxc4 Qg5 27.e5 Bxg2 28.Kxg2 Ra8
29.h4 Qg6 30.Ra4 Rfd8 31.Rd6 Rdb8 32.Rd2 Ra7 33.Qe3 Kg7 34.Rf2 Rc8 35.Raa2
a4 36.Rf6 Qb1 37.Raf2 a3 38.Qg5+ Kf8 39.h5 a2 40.h6 Qb7+ 41.Kh2 Qe7 42.
Rxf7+ Qxf7 43.Qg7+ 1-0

[Event "EU-chT Seniors 04th"]
[Site "Dresden"]
[Date "2002.03.01"]
[Round "6.1"]
[White "Starck, Bodo"]
[Black "Eskandary, Jahja"]
[Result "1-0"]
[WhiteElo "2261"]
[BlackElo "2127"]
[EventDate "2002.02.25"]
[PlyCount "120"]

1.d4 d6 2.c4 Nd7 3.e4 e5 4.Nf3 Ne7 5.Nc3 c6 6.Be3 Ng6 7.Qd2 Nf6 8.h3 Be7 
9.Rd1 Qa5 10.Be2 O-O 11.O-O Re8 12.a3 Bf8 13.Rfe1 a6 14.Nd5 Qd8 15.Nc3 Qc7
16.Qc2 h6 17.Rd2 Nf4 18.Bf1 g5 19.dxe5 dxe5 20.Kh2 g4 21.Ng1 gxh3 22.g3 
Ng4+ 23.Kh1 Nxe3 24.Rxe3 Ne6 25.Qd1 Nd4 26.Nce2 Be7 27.Nxd4 exd4 28.Re1 c5
29.Bxh3 Qc6 30.Bxc8 Raxc8 31.Qg4+ Kh8 32.f3 Qe6 33.Qxe6 fxe6 34.Ne2 b5 35.
Rc1 Rf8 36.Kg2 e5 37.f4 Rg8 38.Kf3 Rcf8 39.Rh1 Rg6 40.Rh5 exf4 41.gxf4 
bxc4 42.Ng3 Rb8 43.Nf5 Rb3+ 44.Ke2 Bf8 45.Rh2 Rgb6 46.Kd1 c3 47.bxc3 Rxc3 
48.Rb2 Rxb2 49.Rxb2 Rxa3 50.Rb8 Kg8 51.Nxh6+ Kh7 52.Rxf8 Kxh6 53.Rf6+ Kg7 
54.Rc6 Re3 55.Kc2 Rc3+ 56.Kd2 a5 57.e5 a4 58.f5 a3 59.Rc7+ Kf8 60.e6 a2 
1-0

[Event "EU-chT Seniors 04th"]
[Site "Dresden"]
[Date "2002.03.01"]
[Round "6.1"]
[White "Toothill, John"]
[Black "Zingler, Max"]
[Result "1/2-1/2"]
[WhiteElo "2192"]
[BlackElo "2089"]
[EventDate "2002.02.25"]
[PlyCount "107"]

1.e4 e6 2.d4 d5 3.Nd2 c5 4.exd5 Qxd5 5.Ngf3 Nf6 6.Bc4 Qc6 7.O-O b5 8.Ne5 
Qb6 9.Be2 Nbd7 10.a4 cxd4 11.Bxb5 a6 12.Qf3 Rb8 13.Bxd7+ Bxd7 14.Nxd7 Nxd7
15.Nc4 Qc5 16.b3 Be7 17.Re1 O-O 18.Ba3 Qg5 19.Bxe7 Qxe7 20.Rad1 Qb4 21.Re4
e5 22.Nxe5 Nxe5 23.Rxe5 Rfe8 24.Qe4 Rxe5 25.Qxe5 Rd8 26.g3 g6 27.Qe4 Qc5 
28.h4 Rd6 29.Re1 Kg7 30.Qd3 Kf8 31.Re4 h5 32.Qe2 Qc6 33.Re5 Re6 34.Rxe6 
fxe6 35.Qe5 Kf7 36.Qxd4 Qxc2 37.Qa7+ Kf6 38.Qd4+ e5 39.Qe3 Qd1+ 40.Kg2 
Qd5+ 41.Kh2 a5 42.b4 axb4 43.Qb6+ Kf5 44.Qxb4 Qa2 45.Qf8+ Ke4 46.Qf6 Kd4 
47.Qb6+ Ke4 48.Qxg6+ Kf3 49.Qf5+ Ke2 50.Qe4+ Kf1 51.Qg2+ Ke1 52.Qe4+ Kf1 
53.Qg2+ Ke1 54.Qe4+ 1/2-1/2

[Event "EU-chT Seniors 04th"]
[Site "Dresden"]
[Date "2002.03.01"]
[Round "6.1"]
[White "Turikov, Viktor"]
[Black "Rosen, Willy"]
[Result "1-0"]
[WhiteElo "2351"]
[BlackElo "2345"]
[EventDate "2002.02.25"]
[PlyCount "117"]

1.d4 Nf6 2.c4 e6 3.Nf3 b6 4.g3 Bb7 5.Bg2 Be7 6.O-O O-O 7.Nc3 Ne4 8.Bd2 f5 
9.Ne5 Nxc3 10.Bxc3 Bxg2 11.Kxg2 Bf6 12.Qd3 d5 13.Qf3 Bxe5 14.dxe5 c6 15.
Rfd1 Nd7 16.b4 b5 17.cxb5 cxb5 18.Bd4 Qb8 19.Rac1 Rc8 20.Qe3 Qb7 21.Qg5 
Nf8 22.Bc5 h6 23.Qh5 Qf7 24.Qf3 Qb7 25.h3 Nd7 26.Bd6 Nb6 27.g4 g6 28.gxf5 
gxf5 29.Kh2 Kh7 30.Rc5 Qf7 31.Rg1 a6 32.Qf4 Na4 33.Rxc8 Rxc8 34.Qh4 Rg8 
35.Rxg8 Qxg8 36.Qe7+ Kg6 37.Qf6+ Kh5 38.Be7 Nc3 39.Qh4+ Kg6 40.Qg3+ Kf7 
41.Qxc3 Kxe7 42.Qc7+ Ke8 43.Qc8+ Kf7 44.Qb7+ Kg6 45.Qxa6 Qe8 46.Qb7 f4 47.
Qc7 Kf5 48.Qg7 Qg6 49.Qf8+ Kxe5 50.Qb8+ Kf5 51.Qxb5 Qf6 52.Qd3+ Kg5 53.a4 
Qe5 54.Kg2 Kh4 55.Qg6 h5 56.a5 d4 57.a6 d3 58.Qxd3 Qg5+ 59.Kh2 1-0

[Event "EU-chT Seniors 04th"]
[Site "Dresden"]
[Date "2002.03.01"]
[Round "6.1"]
[White "Uhlmann, Wolfgang"]
[Black "Baumbach, Friedrich"]
[Result "1/2-1/2"]
[WhiteElo "2458"]
[BlackElo "2323"]
[EventDate "2002.02.25"]
[PlyCount "147"]

1.c4 e6 2.Nc3 d5 3.d4 c6 4.e3 Nf6 5.Nf3 Nbd7 6.b3 Ne4 7.Qc2 Bb4 8.Bd2 Nxd2
9.Nxd2 O-O 10.Bd3 Nf6 11.O-O b6 12.a3 Be7 13.Rfd1 Bb7 14.b4 a5 15.c5 Ba6 
16.Na4 Bxd3 17.Qxd3 Nd7 18.Nb3 bxc5 19.bxc5 Qc7 20.Rab1 Rfb8 21.Rb2 e5 22.
Rdb1 exd4 23.exd4 Bf6 24.g3 h5 25.Kg2 g6 26.h4 Kg7 27.Qd2 Rb5 28.Nc3 Rb7 
29.Nd1 Nf8 30.Nc1 Rab8 31.Ne2 Ne6 32.Rxb7 Rxb7 33.Rxb7 Qxb7 34.Qxa5 Qb3 
35.Qd2 Qxa3 36.Ne3 Qa4 37.Nc2 Qc4 38.Kf1 Kf8 39.Ke1 Ke7 40.Kd1 Kd7 41.Qe3 
Qa4 42.Qf3 Ke7 43.Qc3 Nc7 44.Qa3 Qxa3 45.Nxa3 g5 46.hxg5 Bxg5 47.Ke1 f5 
48.Nc2 Nb5 49.f3 Nc7 50.Nb4 Kd7 51.Nd3 Bf6 52.Kd2 Ne6 53.Ke3 h4 54.gxh4 
Bxh4 55.Ne5+ Kc7 56.Nf7 Bf6 57.f4 Ng7 58.Ng1 Ne6 59.Nf3 Kd7 60.Nd6 Ng7 61.
Ne1 Be7 62.Nb7 Kc7 63.Na5 Bh4 64.Nd3 Ne6 65.Ne5 Nd8 66.Nb3 Ne6 67.Nd2 Bg3 
68.Ng6 Be1 69.Nf3 Bc3 70.Ne7 Bb2 71.Ng6 Bc1+ 72.Kd3 Nxf4+ 73.Nxf4 Bxf4 74.
Nh4 1/2-1/2

[Event "EU-chT Seniors 04th"]
[Site "Dresden"]
[Date "2002.03.01"]
[Round "6.1"]
[White "Vasiukov, Evgeni"]
[Black "Johannessen, Svein"]
[Result "1/2-1/2"]
[WhiteElo "2524"]
[BlackElo "2279"]
[EventDate "2002.02.25"]
[PlyCount "64"]

1.e4 c6 2.d4 d5 3.e5 Qb6 4.c4 dxc4 5.Bxc4 Bf5 6.e6 Bxe6 7.Bxe6 fxe6 8.Nf3 
Nd7 9.O-O e5 10.dxe5 e6 11.Ng5 c5 12.Qg4 Nxe5 13.Qe2 h6 14.Qxe5 hxg5 15.
Rd1 Nf6 16.Nc3 Qc6 17.Qxg5 Kf7 18.Bf4 Be7 19.Qg3 Rad8 20.h3 Rxd1+ 21.Rxd1 
Rd8 22.Rxd8 Bxd8 23.Be5 c4 24.Qf4 b5 25.g4 b4 26.g5 bxc3 27.gxf6 gxf6 28.
Bxc3 Qd5 29.Qg4 Bb6 30.h4 Qd3 31.Qf4 Qg6+ 32.Kh2 Kg7 1/2-1/2

[Event "EU-chT Seniors 04th"]
[Site "Dresden"]
[Date "2002.03.01"]
[Round "6.1"]
[White "Walke, Guenter"]
[Black "Eiselt, Peter"]
[Result "1/2-1/2"]
[WhiteElo "1773"]
[BlackElo "1832"]
[EventDate "2002.02.25"]
[PlyCount "35"]

1.d4 d5 2.e3 Nf6 3.Bd3 e6 4.f4 c5 5.c3 Nc6 6.Nf3 Bd6 7.O-O O-O 8.Nbd2 cxd4
9.cxd4 Bd7 10.a3 Rc8 11.Ne5 Ne8 12.Qh5 f5 13.Ndf3 Nf6 14.Qh4 Bxe5 15.Nxe5 
Nxe5 16.fxe5 Ne4 17.Qxd8 Rcxd8 18.Bxe4 1/2-1/2

[Event "EU-chT Seniors 04th"]
[Site "Dresden"]
[Date "2002.03.01"]
[Round "6.1"]
[White "Weber, Bernd"]
[Black "Just, Joachim"]
[Result "0-1"]
[WhiteElo "2119"]
[BlackElo "2198"]
[EventDate "2002.02.25"]
[PlyCount "122"]

1.d4 e6 2.Nf3 Nf6 3.Bg5 h6 4.Bh4 Be7 5.e3 b6 6.Nbd2 Bb7 7.Bd3 c5 8.O-O d6 
9.e4 cxd4 10.Nxd4 a6 11.Qe2 Nbd7 12.N4b3 Qc7 13.Rfd1 Ne5 14.Bg3 g5 15.Bxe5
dxe5 16.Nc4 Nd7 17.Rd2 Nc5 18.Nxc5 Bxc5 19.Ne3 h5 20.Rad1 b5 21.a3 Bc6 22.
b4 Bd4 23.c3 Ba7 24.c4 Qb7 25.c5 Bb8 26.Nf1 Bc7 27.Bc2 Rd8 28.Qe3 Rg8 29.
h3 Rxd2 30.Rxd2 Bd8 31.g3 Be7 32.Qe2 Rh8 33.Rd1 Kf8 34.Nd2 Kg7 35.Nb3 Qc7 
36.Nc1 Kg6 37.Rd2 Rd8 38.Rxd8 Qxd8 39.Nb3 Qd7 40.Na5 Ba8 41.Qd3 Qc7 42.a4 
Bxc5 43.bxc5 Qxa5 44.axb5 axb5 45.Qe2 Qa1+ 46.Bd1 Kf6 47.Qf3+ Ke7 48.Qxh5 
Qc1 49.Qe2 Qxc5 50.Bc2 Bc6 51.h4 gxh4 52.gxh4 Qa3 53.Kh2 Qc1 54.Bd3 b4 55.
Qc2 Qxc2 56.Bxc2 Bb5 57.Kg3 Kf6 58.Kg4 Be2+ 59.f3 Kg6 60.Kg3 Bc4 61.Kg4 
Ba2 0-1

[Event "EU-chT Seniors 04th"]
[Site "Dresden"]
[Date "2002.03.01"]
[Round "6.1"]
[White "Wunderer, Eckart"]
[Black "Neukirch, Detlef"]
[Result "1/2-1/2"]
[WhiteElo "2190"]
[BlackElo "2295"]
[EventDate "2002.02.25"]
[PlyCount "29"]

1.d4 Nf6 2.Nf3 c5 3.e3 b6 4.Bd3 Bb7 5.b3 e6 6.Bb2 Be7 7.Nbd2 O-O 8.O-O 
cxd4 9.exd4 Nc6 10.a3 d5 11.Qe2 Bd6 12.Ne5 Qe7 13.Rfe1 g6 14.Ndf3 Ne4 15.
Nxc6 1/2-1/2

[Event "EU-chT Seniors 04th"]
[Site "Dresden"]
[Date "2002.03.01"]
[Round "6.2"]
[White "Andrich, Hans Ludwig"]
[Black "Ehlert, Joachim"]
[Result "0-1"]
[WhiteElo "1692"]
[BlackElo "1756"]
[EventDate "2002.02.25"]
[PlyCount "36"]

1.d4 Nf6 2.c4 g6 3.g3 Bg7 4.Bg2 O-O 5.Nc3 d6 6.Nf3 c6 7.e4 Nbd7 8.O-O Rb8 
9.Qe2 a6 10.a4 c5 11.e5 dxe5 12.dxe5 Ne8 13.e6 fxe6 14.Qxe6+ Kh8 15.Bf4 
Ne5 16.Qd5 Qxd5 17.Nxd5 Nxf3+ 18.Bxf3 e5 0-1

[Event "EU-chT Seniors 04th"]
[Site "Dresden"]
[Date "2002.03.01"]
[Round "6.2"]
[White "Hoen, Ragnar Harald"]
[Black "Chernikov, Oleg L"]
[Result "0-1"]
[WhiteElo "2311"]
[BlackElo "2460"]
[EventDate "2002.02.25"]
[PlyCount "68"]

1.Nf3 c5 2.e3 g6 3.d4 Bg7 4.Be2 Nf6 5.O-O b6 6.c4 cxd4 7.Nxd4 Bb7 8.Nc3 
O-O 9.b3 d5 10.cxd5 Nxd5 11.Nxd5 Bxd5 12.Ba3 Qd7 13.Rc1 Rd8 14.Bf3 Bf6 15.
Bxd5 Qxd5 16.Qf3 Qxf3 17.Nxf3 Na6 18.Rfd1 Kf8 19.Kf1 Rxd1+ 20.Rxd1 Ke8 21.
Rc1 Kd7 22.Ke2 Nc7 23.e4 Nb5 24.Bb4 a5 25.Bd2 a4 26.e5 Bg7 27.bxa4 Rxa4 
28.Rb1 Kc6 29.Rc1+ Kb7 30.Rb1 Ka6 31.Rb2 Bxe5 32.Nxe5 Re4+ 33.Be3 Rxe5 34.
f4 Nc3+ 0-1

[Event "EU-chT Seniors 04th"]
[Site "Dresden"]
[Date "2002.03.01"]
[Round "6.2"]
[White "Koksch, Guenther"]
[Black "Landgraf, Siegfried"]
[Result "1/2-1/2"]
[WhiteElo "2168"]
[BlackElo "2074"]
[EventDate "2002.02.25"]
[PlyCount "24"]

1.d4 g6 2.Bf4 Bg7 3.e3 Nf6 4.h3 O-O 5.Nf3 d6 6.Be2 Nbd7 7.Bh2 c5 8.c3 a6 
9.a4 b6 10.Nbd2 Bb7 11.O-O Qc7 12.Rc1 Qb8 1/2-1/2

[Event "EU-chT Seniors 04th"]
[Site "Dresden"]
[Date "2002.03.01"]
[Round "6.2"]
[White "Lippitsch, Paul"]
[Black "Farrand, Julian"]
[Result "1/2-1/2"]
[WhiteElo "1971"]
[BlackElo "2096"]
[EventDate "2002.02.25"]
[PlyCount "45"]

1.e4 c6 2.d4 d6 3.Nf3 Nd7 4.a4 e5 5.Bc4 Be7 6.O-O h6 7.Be3 Ngf6 8.Nbd2 Ng4
9.Re1 O-O 10.c3 Qc7 11.h3 Nxe3 12.Rxe3 Nf6 13.Bb3 Re8 14.Nc4 Bf8 15.Qc2 
exd4 16.Nxd4 Bd7 17.Rae1 d5 18.Nd2 dxe4 19.Nxe4 Nxe4 20.Rxe4 Rxe4 21.Qxe4 
Re8 22.Qb1 Rxe1+ 23.Qxe1 1/2-1/2

[Event "EU-chT Seniors 04th"]
[Site "Dresden"]
[Date "2002.03.01"]
[Round "6.2"]
[White "Mueller, Siegmar"]
[Black "Schwertel, Hans"]
[Result "1/2-1/2"]
[WhiteElo "1827"]
[BlackElo "2073"]
[EventDate "2002.02.25"]
[PlyCount "112"]

1.Nc3 d5 2.e4 d4 3.Nce2 e5 4.Ng3 Nf6 5.Bc4 Bd6 6.d3 O-O 7.N1e2 c6 8.O-O a5
9.a4 Nbd7 10.h3 Nb6 11.Bb3 Qc7 12.f4 c5 13.fxe5 Bxe5 14.Bf4 Be6 15.Bxe6 
fxe6 16.Bxe5 Qxe5 17.c3 dxc3 18.bxc3 Rad8 19.Qb3 c4 20.Qxb6 cxd3 21.Nf4 
Nxe4 22.Qxe6+ Qxe6 23.Nxe6 Rxf1+ 24.Rxf1 Re8 25.Nxe4 Rxe6 26.Nc5 Rc6 27.
Nxd3 Rxc3 28.Ne5 Rb3 29.Nd7 h6 30.Nc5 Rb4 31.Rd1 b5 32.axb5 Rxb5 33.Ne4 
Rb4 34.Nd6 a4 35.Ra1 Kf8 36.Ra3 g6 37.Re3 h5 38.Kf2 g5 39.Ne4 g4 40.hxg4 
hxg4 41.Kg3 a3 42.Nf2 a2 43.Ra3 Rb3+ 44.Rxb3 a1=Q 45.Nxg4 Qe1+ 46.Kh3 Qh1+
47.Nh2 Qd1 48.Rf3+ Kg7 49.Ng4 Qh1+ 50.Kg3 Qe1+ 51.Nf2 Kh6 52.Kh3 Kg5 53.
Kh2 Qe5+ 54.Kg1 Qe1+ 55.Kh2 Qe5+ 56.Kg1 Qe1+ 1/2-1/2

[Event "EU-chT Seniors 04th"]
[Site "Dresden"]
[Date "2002.03.01"]
[Round "6.2"]
[White "Nautsch, Werner"]
[Black "Vager, Boris"]
[Result "0-1"]
[WhiteElo "2264"]
[BlackElo "2309"]
[EventDate "2002.02.25"]
[PlyCount "72"]

1.d4 e6 2.c4 f5 3.g3 Nf6 4.Bg2 Be7 5.Nc3 O-O 6.Nf3 d6 7.O-O Qe8 8.Qc2 Qh5 
9.Bg5 Nbd7 10.b4 h6 11.Bc1 c6 12.c5 e5 13.cxd6 Bxd6 14.dxe5 Nxe5 15.Rd1 
Bc7 16.Nb5 Bb8 17.Nd6 Bxd6 18.Rxd6 Ne4 19.Rd1 Ng4 20.Rf1 Be6 21.h3 Ngf6 
22.Bb2 Rae8 23.a4 Bd5 24.b5 g5 25.Rae1 Rf7 26.bxc6 bxc6 27.Qd3 Kh7 28.Nd4 
Qg6 29.Kh2 Rd7 30.Qc2 h5 31.f3 Nd6 32.Bc1 Rf7 33.Qc5 Nc4 34.Kg1 Nd7 35.
Qxa7 Ndb6 36.Qa6 Ra8 0-1

[Event "EU-chT Seniors 04th"]
[Site "Dresden"]
[Date "2002.03.01"]
[Round "6.2"]
[White "Opl, Klaus"]
[Black "Lenk, Wolfgang"]
[Result "1-0"]
[WhiteElo "2263"]
[BlackElo "2185"]
[EventDate "2002.02.25"]
[PlyCount "101"]

1.d4 g6 2.e4 d6 3.Bc4 Nf6 4.Qe2 Nc6 5.Nf3 Bg4 6.c3 Bg7 7.Nbd2 O-O 8.h3 
Bxf3 9.Nxf3 e5 10.dxe5 Nxe5 11.Nxe5 dxe5 12.Bg5 h6 13.Bh4 Qd6 14.O-O Nh5 
15.Rfd1 Nf4 16.Qf1 Qb6 17.Be7 Rfe8 18.Rd7 Ne6 19.Rad1 Bf8 20.Bxf8 Kxf8 21.
Qe2 Re7 22.Qg4 Rae8 23.Rxe7 Rxe7 24.Qh4 Re8 25.Qxh6+ Kg8 26.Bb3 Qc6 27.Qe3
b6 28.Rd2 Kg7 29.Bd5 Qc5 30.Qxc5 Nxc5 31.Kf1 Kf6 32.h4 Rd8 33.Ke2 Rd6 34.
f3 Ke7 35.g3 Rd8 36.Bc4 Rxd2+ 37.Kxd2 Nd7 38.Ke3 f6 39.b4 Nb8 40.Bb5 c6 
41.Bf1 b5 42.Bh3 Na6 43.f4 exf4+ 44.gxf4 Nc7 45.Kd4 Kd6 46.a3 Ne8 47.f5 
gxf5 48.exf5 Kc7 49.h5 Nd6 50.h6 Nf7 51.h7 1-0

[Event "EU-chT Seniors 04th"]
[Site "Dresden"]
[Date "2002.03.01"]
[Round "6.2"]
[White "Rahls, Peter"]
[Black "Baumgartner, Heinz"]
[Result "0-1"]
[WhiteElo "2254"]
[BlackElo "2337"]
[EventDate "2002.02.25"]
[PlyCount "82"]

1.e4 e5 2.Nc3 Bc5 3.g3 Nf6 4.Bg2 Nc6 5.d3 d6 6.Nge2 O-O 7.O-O a6 8.h3 Ne8 
9.g4 g6 10.Bh6 Ng7 11.Qd2 Nd4 12.Nd5 c6 13.Nxd4 Bxd4 14.c3 Ba7 15.Ne3 f5 
16.exf5 gxf5 17.gxf5 Bxf5 18.Rae1 Be6 19.d4 exd4 20.cxd4 Qf6 21.Ng4 Bxg4 
22.hxg4 Qxd4 23.Qc2 d5 24.Re7 Rf7 25.Rxf7 Kxf7 26.Re1 Qxg4 27.Qxh7 Bd4 28.
Bxg7 Qxg7 29.Qh5+ Kf8 30.Re6 Qf7 31.Qh6+ Qg7 32.Qh3 Qf7 33.Qh6+ Bg7 34.Qe3
Re8 35.Rxe8+ Qxe8 36.Qb6 Qe7 37.Bh3 d4 38.Qa7 Be5 39.Qa8+ Kg7 40.Qc8 Kh6 
41.Kf1 d3 0-1

[Event "EU-chT Seniors 04th"]
[Site "Dresden"]
[Date "2002.03.01"]
[Round "6.2"]
[White "Rudnik, Heinz"]
[Black "Fischer, Ernst"]
[Result "1-0"]
[WhiteElo "2052"]
[BlackElo "2155"]
[EventDate "2002.02.25"]
[PlyCount "49"]

1.e4 e6 2.d4 d5 3.Nc3 Bb4 4.exd5 exd5 5.a3 Be7 6.Nf3 Bf5 7.Bf4 c6 8.Bd3 
Bxd3 9.Qxd3 Nd7 10.O-O Ngf6 11.Rfe1 O-O 12.Qf5 Re8 13.Re3 Bf8 14.Rxe8 Qxe8
15.Re1 Qd8 16.Ne5 g6 17.Qh3 Bg7 18.Nxf7 Qf8 19.Nd6 Nh5 20.Qe6+ Kh8 21.Nf7+
Kg8 22.Ng5+ Kh8 23.Bd6 Qc8 24.Nf7+ Kg8 25.Ne5+ 1-0

[Event "EU-chT Seniors 04th"]
[Site "Dresden"]
[Date "2002.03.01"]
[Round "6.2"]
[White "Villing, Dieter"]
[Black "Richardson, Keith B"]
[Result "0-1"]
[WhiteElo "2231"]
[BlackElo "2208"]
[EventDate "2002.02.25"]
[PlyCount "78"]

1.e4 g6 2.d4 Bg7 3.Nc3 d6 4.Be3 a6 5.g3 Nc6 6.d5 Ne5 7.h3 c5 8.f4 Nd7 9.
Nf3 Ngf6 10.g4 O-O 11.Bg2 Nb6 12.Qe2 e6 13.dxe6 Bxe6 14.O-O-O Qc7 15.f5 
Bc4 16.Qf2 Rfe8 17.Bf4 Nxe4 18.Nxe4 Rxe4 19.Bxd6 Bxb2+ 20.Kb1 Qc6 21.Nd2 
Bd4 22.Qf3 Bxa2+ 23.Kc1 Qb5 24.Nxe4 Qb2+ 25.Kd2 Nc4+ 26.Ke1 Re8 27.Qe2 
Nxd6 28.Nxd6 Rxe2+ 29.Kxe2 Qxc2+ 30.Rd2 Bc4+ 31.Nxc4 Qxc4+ 32.Kd1 b5 33.
Re1 Qb3+ 34.Rc2 Qd3+ 35.Rd2 Qb3+ 36.Rc2 b4 37.Re8+ Kg7 38.Rd8 Qb1+ 39.Kd2 
Bc3+ 0-1

[Event "EU-chT Seniors 04th"]
[Site "Dresden"]
[Date "2002.03.01"]
[Round "6.2"]
[White "Werchan, Hans"]
[Black "Starke, Burkhard"]
[Result "0-1"]
[WhiteElo "2139"]
[BlackElo "2052"]
[EventDate "2002.02.25"]
[PlyCount "90"]

1.Nf3 d5 2.c4 e6 3.g3 c6 4.b3 f5 5.Bb2 Be7 6.Bg2 Nf6 7.d3 O-O 8.O-O Qe8 9.
e3 Nbd7 10.Nbd2 Nc5 11.Qc2 a5 12.a3 Bd7 13.Ne5 Qh5 14.d4 Nce4 15.f3 Ng5 
16.Rae1 Be8 17.e4 Bd8 18.exf5 exf5 19.Re2 Bg6 20.Nxg6 Qxg6 21.Rfe1 Bc7 22.
Nf1 Nf7 23.Re7 Rac8 24.Bh3 Nh6 25.R1e6 Qh5 26.Bg2 f4 27.g4 Nfxg4 28.fxg4 
Qxg4 29.h3 Qg5 30.Nh2 f3 31.Nxf3 Rxf3 32.Qe2 Rff8 33.cxd5 cxd5 34.Re5 Bxe5
35.Qxe5 Qxe5 36.dxe5 Nf5 37.Rxb7 Rc2 38.Bxd5+ Kh8 39.Be4 Rxb2 40.Bxf5 g6 
41.Bd3 Rf3 42.Bc4 Rg3+ 43.Kh1 Rxh3+ 44.Kg1 Rg3+ 45.Kh1 Re3 0-1

[Event "EU-chT Seniors 04th"]
[Site "Dresden"]
[Date "2002.03.01"]
[Round "6.3"]
[White "Beckel, Friedrich"]
[Black "Netz, Siegfried"]
[Result "1-0"]
[WhiteElo "2031"]
[BlackElo "1936"]
[EventDate "2002.02.25"]
[PlyCount "120"]

1.e4 c5 2.Nf3 d6 3.d4 cxd4 4.Nxd4 Nf6 5.Nc3 a6 6.Bd3 e5 7.Nde2 Be6 8.O-O 
Be7 9.Bg5 Nbd7 10.Kh1 b5 11.a3 Rc8 12.f4 O-O 13.Bxf6 Nxf6 14.f5 Bc4 15.Ng3
Bxd3 16.Qxd3 Qb6 17.Qf3 b4 18.axb4 Qxb4 19.Rfb1 Qb7 20.Nh5 Nxh5 21.Qxh5 
Rc5 22.Qe2 a5 23.Nd5 Rfc8 24.c3 Bd8 25.Rd1 Rb8 26.Rab1 Qd7 27.b4 axb4 28.
cxb4 Rcb5 29.Ra1 R5b7 30.h3 Qb5 31.Qxb5 Rxb5 32.Ra6 Kf8 33.Rc1 R5b7 34.g3 
Bg5 35.Rc2 Bd8 36.Kg2 Ke8 37.h4 Kf8 38.Kh3 Ke8 39.Kh2 Kf8 40.Kg2 Ke8 41.
Kh3 Kf8 42.g4 h6 43.Rc3 Rd7 44.Rca3 Ke8 45.Rc6 Kf8 46.Rg3 f6 47.Ra3 Ke8 
48.Kg3 Kf8 49.Kf3 Ke8 50.Ke2 Kf8 51.Kd3 Ke8 52.Rca6 Rdb7 53.Ra7 Kd7 54.
Rxb7+ Rxb7 55.Kc4 Bb6 56.Nxb6+ Rxb6 57.Ra7+ Kc6 58.Rxg7 Rb5 59.Rc7+ Kxc7 
60.Kxb5 d5 1-0

[Event "EU-chT Seniors 04th"]
[Site "Dresden"]
[Date "2002.03.01"]
[Round "6.3"]
[White "Boeckenhaupt, Rudi"]
[Black "Morgner, Siegfried"]
[Result "1-0"]
[WhiteElo "2170"]
[BlackElo "1730"]
[EventDate "2002.02.25"]
[PlyCount "75"]

1.e4 d6 2.c4 c5 3.g3 Nc6 4.Bg2 g6 5.Nc3 Bg7 6.Nge2 Bg4 7.f3 Bd7 8.O-O h5 
9.h4 Nh6 10.d3 e6 11.Nb5 Qb8 12.Bf4 e5 13.Be3 a6 14.Nbc3 b5 15.b3 b4 16.
Nd5 Be6 17.Qd2 Qd8 18.Kh2 f6 19.Ng1 Kf7 20.Bh3 a5 21.Bxe6+ Kxe6 22.Kg2 Ne7
23.a3 Nxd5 24.cxd5+ Kf7 25.a4 Qc8 26.Nh3 Qd7 27.Rac1 Rag8 28.Rc4 Bf8 29.
Rfc1 Qa7 30.d4 g5 31.hxg5 fxg5 32.Nxg5+ Rxg5 33.Bxg5 exd4 34.Qf4+ Kg8 35.
Rh1 Rh7 36.Qf6 d3 37.Rcc1 c4 38.Rxc4 1-0

[Event "EU-chT Seniors 04th"]
[Site "Dresden"]
[Date "2002.03.01"]
[Round "6.3"]
[White "Gafke, Manfred"]
[Black "Petzold, Rolf"]
[Result "1-0"]
[WhiteElo "1723"]
[BlackElo "1640"]
[EventDate "2002.02.25"]
[PlyCount "37"]

1.d4 d5 2.Nf3 Nf6 3.Bf4 e6 4.e3 Nbd7 5.Bd3 c5 6.c3 Be7 7.Ne5 O-O 8.Nd2 Re8
9.Ndf3 Nf8 10.Ng5 N6d7 11.Ngxf7 Qb6 12.Rb1 Nxe5 13.Nxe5 Bf6 14.Ng4 Re7 15.
Nxf6+ gxf6 16.Bh6 Bd7 17.Qg4+ Kh8 18.Qh4 e5 19.dxe5 1-0

[Event "EU-chT Seniors 04th"]
[Site "Dresden"]
[Date "2002.03.01"]
[Round "6.3"]
[White "Golcman, Evgeny"]
[Black "Krueger, Erich"]
[Result "1-0"]
[WhiteElo "2225"]
[BlackElo "2215"]
[EventDate "2002.02.25"]
[PlyCount "45"]

1.c4 Nf6 2.Nc3 g6 3.e4 d6 4.d4 Bg7 5.f3 O-O 6.Be3 e5 7.d5 c6 8.Qd2 cxd5 9.
cxd5 Nbd7 10.Nge2 a6 11.Nc1 Nh5 12.Nd3 f5 13.O-O-O Nb6 14.b3 Bd7 15.Kb1 
Nf6 16.h3 f4 17.Bf2 Nh5 18.Ne2 a5 19.Rc1 Bb5 20.Nb2 Bf6 21.Nxf4 Bxf1 22.
Ne6 Bg5 23.Nxg5 1-0

[Event "EU-chT Seniors 04th"]
[Site "Dresden"]
[Date "2002.03.01"]
[Round "6.3"]
[White "Hampel, Johannes"]
[Black "Meier, Wolfgang"]
[Result "1-0"]
[WhiteElo "2011"]
[BlackElo "2102"]
[EventDate "2002.02.25"]
[PlyCount "109"]

1.d4 f5 2.Nc3 Nf6 3.Bg5 d5 4.Bxf6 exf6 5.e3 c6 6.Bd3 Bd6 7.Qf3 g6 8.Nge2 
Be6 9.h3 h5 10.g4 hxg4 11.hxg4 Rxh1+ 12.Qxh1 fxg4 13.Qh7 Qe7 14.Qxg6+ Kd8 
15.Bf5 g3 16.Bxe6 Qxe6 17.Nxg3 Nd7 18.O-O-O Kc7 19.Qf5 Qxf5 20.Nxf5 Rh8 
21.Nxd6 Kxd6 22.Kd2 Rh2 23.Ke2 Ke6 24.Rg1 Kf7 25.Kf3 Nf8 26.e4 dxe4+ 27.
Nxe4 Ne6 28.Rd1 Ke7 29.d5 cxd5 30.Rxd5 Rh4 31.Ke3 b6 32.Rf5 Ng7 33.Rb5 Ke6
34.Ng3 Ra4 35.a3 Rc4 36.c3 Rh4 37.Rb4 Rh2 38.a4 Nh5 39.Nxh5 Rxh5 40.Rb5 
Rh3+ 41.Ke2 Kd6 42.a5 Kc6 43.Rf5 Rh6 44.b4 bxa5 45.Rxa5 Rh7 46.Ra6+ Kb5 
47.Rxf6 Kc4 48.Rf3 Rd7 49.Re3 Rf7 50.f3 Rh7 51.f4 Rh2+ 52.Kf3 Kd5 53.Kg4 
Rg2+ 54.Kh5 Kd6 55.f5 1-0

[Event "EU-chT Seniors 04th"]
[Site "Dresden"]
[Date "2002.03.01"]
[Round "6.3"]
[White "Kholmov, Ratmir D"]
[Black "Kristiansen, Erling"]
[Result "1-0"]
[WhiteElo "2441"]
[BlackElo "2246"]
[EventDate "2002.02.25"]
[PlyCount "89"]

1.e4 e5 2.Nf3 Nc6 3.d4 exd4 4.Nxd4 Bc5 5.Nxc6 Qf6 6.Qd2 bxc6 7.Bd3 Ne7 8.
Nc3 O-O 9.Na4 Bb6 10.O-O d5 11.Qf4 Qe6 12.exd5 Nxd5 13.Qh4 f5 14.Bd2 Qf6 
15.Bg5 Qd4 16.Qxd4 Bxd4 17.c3 Be5 18.Rfe1 Bd6 19.Bc4 Bd7 20.Bb3 Kh8 21.c4 
Bf4 22.cxd5 Bxg5 23.Nc5 Rad8 24.dxc6 Bc8 25.Be6 Rd6 26.Nd7 Rd8 27.Bxf5 
Rxc6 28.Ne5 Rf6 29.Bxc8 Rxc8 30.Rad1 Kg8 31.g3 Ra6 32.a3 Bf6 33.Nc4 Rc6 
34.Re4 Rb8 35.b4 h6 36.Rd5 a6 37.Kf1 Rb5 38.Rd7 a5 39.Nxa5 Rc1+ 40.Kg2 c5 
41.Rd5 Rb8 42.Rxc5 Rxc5 43.bxc5 Rb5 44.c6 Rc5 45.Rc4 1-0

[Event "EU-chT Seniors 04th"]
[Site "Dresden"]
[Date "2002.03.01"]
[Round "6.3"]
[White "Neudel, Bernd"]
[Black "Pietruske, Siegfried"]
[Result "1/2-1/2"]
[WhiteElo "1767"]
[BlackElo "1949"]
[EventDate "2002.02.25"]
[PlyCount "39"]

1.d4 e6 2.c4 f5 3.Nf3 Nf6 4.Nc3 d5 5.e3 c6 6.a3 a5 7.Bd3 Bd6 8.Bd2 O-O 9.
O-O Ne4 10.Ne2 Nd7 11.b4 Nxd2 12.Qxd2 Nf6 13.c5 Bb8 14.Ne5 Ne4 15.Qc2 Bd7 
16.f3 Nf6 17.Rab1 axb4 18.axb4 Be8 19.Rb2 Nd7 20.f4 1/2-1/2

[Event "EU-chT Seniors 04th"]
[Site "Dresden"]
[Date "2002.03.01"]
[Round "6.3"]
[White "Niedermayr, Horst"]
[Black "Brameyer, Hermann"]
[Result "0-1"]
[WhiteElo "2172"]
[BlackElo "2225"]
[EventDate "2002.02.25"]
[PlyCount "78"]

1.e4 c5 2.Nf3 e6 3.d4 cxd4 4.Nxd4 Nc6 5.Be3 Nf6 6.Nxc6 bxc6 7.Bd3 d5 8.
exd5 cxd5 9.O-O Bd6 10.c4 d4 11.Bxd4 Bxh2+ 12.Kxh2 Qxd4 13.Be2 Qxb2 14.Nd2
O-O 15.Rb1 Qe5+ 16.Kg1 Bd7 17.Bf3 Rab8 18.Qc2 Qc7 19.Rfc1 Bc6 20.g3 h5 21.
Qc3 Rxb1 22.Rxb1 Rd8 23.Bxc6 Qxc6 24.Re1 Qd6 25.Re2 Qd3 26.Qxd3 Rxd3 27.
Nb3 Rc3 28.Na5 Nd7 29.Kg2 g5 30.Nc6 a6 31.Nb4 a5 32.Nc6 a4 33.Na5 Kg7 34.
Re4 Rc2 35.a3 e5 36.Re3 f6 37.Kf1 Kg6 38.Ke1 Nc5 39.f3 Rg2 0-1